000 01026cab a2200301 4500
001 ABS45299
008 090401t1991 xxu||||| |||| 00| 0 eng d
035 _a(Sirsi) u52183
041 _aeng
100 _aCasely-Hayford, M.
245 _aNo time for leisurely pace on soccer planning
260 _c1991
350 _a0
490 _aPlanning (for the Natural and Built Environment)
_v(940) 18 October 1991, 16-17(2)
520 _aExamines the part development plans play in selecting locations for major sporting facilities and whether plan-makers can move quickly enough to meet the timescales facing the football industry.
650 _aDEVELOPMENT PLANS
650 _aFOOTBALL STADIA
650 _aLOCAL DEVELOPMENT PLANS
650 _aPLANNING POLICY GUIDANCE NOTE 17
650 _aPLANNING POLICY
650 _aPPG17
650 _aSPORTING FACILITIES
650 _aSPORTS STADIA
690 _aLEISURE AND RECREATION
690 _aPLANNING LAW AND PRACTICE
942 _n0
948 _c04/03/1997
999 _c32371
_d32371